Normal view MARC view

Entry Topical Term

Number of records used in: 1

001 - CONTROL NUMBER

  • control field: 754965

003 - CONTROL NUMBER IDENTIFIER

  • control field: OSt

005 - DATE AND TIME OF LATEST TRANSACTION

  • control field: 20250507130107.0

008 - FIXED-LENGTH DATA ELEMENTS

  • fixed length control field: 250507|| aca||aabn | a|a d

040 ## - CATALOGING SOURCE

  • Original cataloging agency: OSt
  • Transcribing agency: OSt

150 ## - HEADING--TOPICAL TERM

  • Topical term or geographic name entry element: CEL; Rural Industries - China; China - Economic Policy

670 ## - SOURCE DATA FOUND

  • Source citation: Work cat.: (OSt)1317647: Huang Yasheng, Captitalism with Chinese Charateristics: Enterreneurship and the State, 2008
Copyright @ Delhi University Library System